000 00219 a2200097 4500
001 12186
100 _aKhalid Akhtar.Muhammad
245 _aChaaki Warrah Main visaal
260 _a
_bSang-e-Meel
_c
090 _c9400
_d9400
942 _aNUST-CAE
_cM
_c36268
999 _c247259
_d247259